| 000 | 00728 a2200193 4500 | ||
|---|---|---|---|
| 020 | _a9280808311 | ||
| 040 |
_aDLC _bDLC |
||
| 082 | _a004 | ||
| 245 | 0 | 0 |
_aInformation technology in selected countries : reports from Ireland, Ethiopia, Nigeria, and Tanzania _cedited by Eileen P. Drew and F. Gordon Foster. |
| 260 |
_aTokyo : _bUnited Nations University, _cc1994. |
||
| 300 |
_avi, 148 p. : _bill. ; _c25 cm. |
||
| 500 | _a"United Nations sales no.: E93.III.A.2"--T.p. verso. | ||
| 650 | 0 |
_aInformation technology _zIreland _xCase studies. |
|
| 650 | 0 |
_aInformation technology _zAfrica _xCase studies. |
|
| 700 | 1 | _aDrew, Eileen P. | |
| 700 | 1 | _aFoster, F. G. | |
| 710 | 2 | _aUnited Nations University. | |
| 942 |
_cBK _k004 DRE _2ddc |
||
| 999 |
_c5259 _d5259 |
||